Classic Rock Musicians - Statistics

General Stats
  • This quiz has been taken 2,150 times
  • The average score is 8 of 16
Answer Stats
Hint Answer % Correct
Beatles drummer Ringo Starr
95%
Led Zeppelin singer Robert Plant
82%
Queen guitarist Brian May
77%
Crosby, Stills, and... Graham Nash
74%
____ _______ Experience Jimi Hendrix
73%
Pink Floyd bassist/singer Roger Waters
56%
Aerosmith guitarist Joe Perry
49%
CCR guitarist/singer John Fogerty
45%
Rush drummer Neil Peart
42%
Iron Maiden singer Bruce Dickinson
41%
The Who bassist John Entwistle
34%
AC/DC rhythm guitarist Malcolm Young
34%
Guns N' Roses bassist Duff McKagen
32%
Jefferson Airplane female singer Grace Slick
32%
Judas Priest singer Rob Halford
31%
Deep Purple keyboard Jon Lord
22%
No matching quizzes found
Score Distribution
Percent of People with Each Score
Percentile by Number Answered
Your Score History
You have not taken this quiz